All Valorant Fnatic players retired and active (2026) - Statistics

General Stats
  • This quiz has been taken 47 times
  • The average score is 11 of 20
Answer Stats
Hint Answer % Correct
Al Alfajer
100%
Le Leo
100%
Bo Boaster
90%
Ch Chronicle
90%
Ka Kaajak
80%
Ve Veqaj
80%
Cr Crashies
70%
De Derke
70%
En Enzo
60%
Do Doma
50%
Hi Hiro
50%
Mi Mistic
40%
Sa Sayonara
40%
H1 H1ber
30%
Ka Kamyk
30%
Ma Magnum
30%
Mo Moe40
30%
Br BraveAF
20%
Ts Tsack
10%
Ot Otom
0%
No matching quizzes found
Score Distribution
Percent of People with Each Score
Percentile by Number Answered
Your Score History
You have not taken this quiz